01423nam a2200325 a 450000100100000000500170001000800410002702000150006804000250008308200180010810000250012624501040015126000540025530000400030950000210034950000630037050002640043361000570069765000400075465000400079465000300083465000350086465000140089965000250091365100330093865000360097165100290100770000260103670000350106200000185720200929145731.0090629s2006 cu ac 001 0 spa d a9592112800 aDO-SdBNPbspacBNPHU a327.12bC974c1 aCupull, Adys,d1937-13aLa CIA contra el Che /cAdys Cupull, Froilán González ; edición Ana María Caballero Labaut. aLa Habana :bEditorial Capitán San Luis,c2006. aiv, 353 p. :bil., retrs. ;c23 cm. aIncluye índice aIncluye datos biográficos del autor en la contracubierta aTestimonios, documentos relatos Y análisas que revelan la actuación de la CIA en el asesinato de Ernesto Guevara y sus compañeros de guerrilla en la tierras bolivianas, asi como el rol desempeñado por la embajada y el gobierno de los Estados Unidos. .14aESTADOS UNIDOSbAGENCIA CENTRAL DE INTELIGENCIA(CIA) 4aEstados unidosxRelacioneszBolivia 4aBoliviaxRelacioneszEstados Unidos 4aPersecuciones políticas 4aGuerrillasxRelatos personales 4aEspionaje 4aGuerra de guerrillas 4aBoliviaxPolitica Y Gobierno 4aRevolucionarioszAmerica Latina 4aAmerica LatinaxHistoria1 aGonzáles, Froilán1 aCaballero, Ana Maríaeeditor